Batis: (Record no. 8779)

MARC details
000 -LEADER
fixed length control field 00774nam a22002417i 4500
003 - CONTROL NUMBER IDENTIFIER
control field URS
005 - DATE AND TIME OF LATEST TRANSACTION
control field 20240710233548.0
008 - FIXED-LENGTH DATA ELEMENTS--GENERAL INFORMATION
fixed length control field 240710b2018 ph ||||| |||| 00| 0 eng d
020 ## - INTERNATIONAL STANDARD BOOK NUMBER
International Standard Book Number 9789719809326
040 ## - CATALOGING SOURCE
Language of cataloging eng
Description conventions rda
Transcribing agency DLC
Original cataloging agency DLC
Modifying agency DLC
-- URS
050 ## - LIBRARY OF CONGRESS CALL NUMBER
Classification number DS668
Item number T63 2018
082 ## - DEWEY DECIMAL CLASSIFICATION NUMBER
Classification number 959.9
Item number T63 2018
100 ## - MAIN ENTRY--PERSONAL NAME
Personal name Torres, Jose Victor.
Relator code author
245 ## - TITLE STATEMENT
Title Batis:
Remainder of title Sources in Philippine History /
Statement of responsibility, etc. Jose Victor Torres
264 #1 - PRODUCTION, PUBLICATION, DISTRIBUTION, MANUFACTURE, AND COPYRIGHT NOTICE
Place of production, publication, distribution, manufacture Quezon City:
Name of producer, publisher, distributor, manufacturer C&E Publishing , Incorporated,
Date of production, publication, distribution, manufacture, or copyright notice [2018]
300 ## - PHYSICAL DESCRIPTION
Extent ix, 231 pages:
Other physical details illustrations;
Dimensions 22 cm
336 ## - CONTENT TYPE
Content type term text
Content type code txt
Source rdacontent
337 ## - MEDIA TYPE
Media type term unmediated
Media type code n
Source rdamedia
338 ## - CARRIER TYPE
Carrier type term volume
Carrier type code nc
Source rdacarrier
504 ## - BIBLIOGRAPHY, ETC. NOTE
Bibliography, etc. note Includes bibliography references and index.
650 #0 - SUBJECT ADDED ENTRY--TOPICAL TERM
Topical term or geographic name entry element History.
Geographic subdivision Philippines.
942 ## - ADDED ENTRY ELEMENTS (KOHA)
Source of classification or shelving scheme Dewey Decimal Classification
Koha item type Filipiniana
Holdings
Withdrawn status Source of classification or shelving scheme Damaged status Not for loan Collection code Home library Current library Shelving location Date acquired Total Checkouts Full call number Barcode Date last seen Price effective from Koha item type Copy number
  Library of Congress Classification     Non-fiction Binangonan College Library Binangonan College Library Filipiniana Section 06/07/2023   Fil DS 668 T67 2018 URSBIN-3420 01/07/2021 01/07/2021 Filipiniana  
  Library of Congress Classification     Non-fiction Cardona College LIbrary Cardona College LIbrary General Stacks 12/13/2021   DS668 .T67 2018 URSCAR-2622 12/13/2021 12/13/2021 Filipiniana  
  Dewey Decimal Classification     Non-fiction Pililla College Library Pililla College Library General Stacks 03/04/2020   959.9 T63 2018 URSPIL-6374 03/04/2020 03/04/2020 Filipiniana  
  Library of Congress Classification       Rodriguez College Library Rodriguez College Library General Stacks 02/16/2022   FIL DS 668.T6361 2018 URSROD-4872 02/16/2022 02/16/2022 Filipiniana 1
  Library of Congress Classification       Tanay College Library Tanay College Library Reserve Section 06/09/2021   DS 668.T67 2018 URSTAN-N2857 06/09/2021 06/09/2021 Filipiniana  

University of Rizal System
Email us at univlibservices@urs.edu.ph

Visit our Website www.urs.edu.ph/library